College Football Sudden Death by State: New York - Statistics

General Stats
  • This quiz has been taken 24 times
  • The average score is 7 of 11
Answers on the Grid
Answers color-coded by a green-red scale on the quiz's grid according to % correct below.
 
Answer Stats
Answer % Correct
Syracuse University
(Syracuse, NY)
85%
University of Buffalo
(Buffalo, NY)
85%
University of Albany
(Albany, NY)
80%
Long Island University
(Brooklyn, NY)
65%
The US Military Academy
(West Point, NY)
55%
Cornell University
(Ithaca, NY)
55%
Marist University
(Poughkeepsie, NY)
55%
Columbia University
(New York, NY)
50%
Fordham University
(Bronx, NY)
50%
Stony Brook University
(Stony Brook, NY)
45%
Wagner College
(Staten Island, NY)
35%
No matching quizzes found
Score Distribution
Percent of People with Each Score
Percentile by Number Answered
Your Score History
You have not taken this quiz